00806cam a22002651 45000010008000000030004000080050017000120080041000290100017000700350019000870400025001060420012001310500015001430820014001581000019001722450040001912600034002313000032002655000035002976500029003329060045003619420012004069990015004189520107004336902409OSt20230116150719.0790209s1937 enka 000 0 eng  a 38009404  a(OCoLC)4634967 aDLCcNcRSdNcRSdDLC apremarc00aQD111b.M4 2545.2 MEE1 aMee, A. J.99010aVolumetric analysis,cby A. J. Mee. aLondon,bW. Heinemannc[1937] avii, 223 p.billus.c22 cm. a"First published April, 1937." 0aVolumetric analysis.991 a7bcbccoclcrplduencipf19gy-gencatlg 2ddccBK c4967d4967 00102ddc708NFICaICbICcGENd2012-02-15l0o545.2 MEEp002857r2023-01-16 00:00:00w2023-01-16yBK